000 01397nam a2200373 a 4500
003 AR-BaBNM
005 20251128210407.0
008 082120s2002 ||||||||||||||000 | spa||
040 _cAR-BaBNM
110 2 _aCentro Educativo de Nivel Medio no. 2 de la provincia de Formosa
245 0 0 _aOthamil Ôkat'hänhäi yäme
260 _aBuenos Aires
_bMinisterio de Cultura y Educación. Plan Social Educativo
_c[ca. 1998]
300 _a80 p.
_bil.
500 _aEste texto fue elaborado por el C.E.N.M. No 2 de El Potrillo, Formosa como parte de un proyecto de educación biblingüe para la educación de los niños de la comunidad Wichi. Esta publicación fue financiada por el Plan Social Educativo del Ministerio de Cul
500 _aTexto bilingüe wichi-español
650 4 _aABORIGENES
650 4 _aEDUCACION MULTICULTURAL
650 4 _aPROGRAMAS INTERCULTURALES
650 4 _aMINORIAS CULTURALES
650 4 _aPROGRAMAS DE EDUCACION COMPENSATORIA
650 4 _aALFABETIZACION
650 4 _aBILINGÜISMO
650 4 _aTALLERES [METODO PEDAGOGICO]
650 4 _aHISTORIA ORAL
650 4 _aTRADICION ORAL
650 4 _aCOSTUMBRES Y TRADICIONES
653 _aEDUCACION EN LA DIVERSIDAD
700 1 _aMerced, María del Pilar de la
700 1 _aVega, Laurencia P.
700 1 _aDuarte, Urbano
700 1 _aSánchez, Augusto
942 _cBK
998 _cRaquel
999 _c15293
_d15293